AI, Analytics, and Assessment in Higher Education
Gespeichert in:
| Weitere Verfasser: | |
|---|---|
| Format: | Buch |
| Sprache: | Englisch |
| Veröffentlicht: |
Hershey
IGI Global Scientific Publishing
2026
|
| Schlagworte: | |
| Tags: |
Keine Tags, Fügen Sie das erste Tag hinzu!
|
MARC
| LEADER | 00000nam a2200000 4500 | ||
|---|---|---|---|
| 001 | 0312834 | ||
| 005 | 20251128133457.2 | ||
| 020 | |a 9798337370590 | ||
| 041 | 0 | |a eng | |
| 044 | |a US | ||
| 245 | 1 | 0 | |a AI, Analytics, and Assessment in Higher Education |c [Edited by] Hany Zaky |
| 264 | 1 | |a Hershey |b IGI Global Scientific Publishing |c 2026 | |
| 300 | |a 412 s. | ||
| 500 | |a ProQuest e-books. | ||
| 610 | 2 | 0 | |a inteligencia umelá |
| 610 | 2 | 0 | |a vzdelávanie vysokoškolské |
| 610 | 2 | 0 | |a pedagogika |
| 610 | 2 | 0 | |a etika |
| 610 | 2 | 0 | |a myslenie kritické |
| 700 | 1 | |a Zaky, Hany | |